000 00918nam a22003017a 4500
001 BR0103925
003 BR-BrBNA
005 20230928100930.0
007 ta
008 230509b bl.||||| |||| 00| 0 por d
040 _aBR-BrBNA
_bpor
_cBiblioteca Nacional de Agricultura
041 _a(Por)
072 _aE16; U10
090 _ E16 BR0103925
100 1 _aPereira, S.M.
110 1 _aEscola Superior de Agricultura Luiz de Queiroz, Piracicaba, SP (Brasil)
_0Tese (Mestre em Ciencias)
245 1 _aProducao e produtividade na agricultura do Estado de Goias, 1995
260 3 _aPiracicaba, SP (Brasil):
_c2001.
300 _a80 p.
500 _aSummaries (Eng, Por); Bibliography p. 68-76; 33 tables
650 _aCenso Agropecuario
650 _aModelo Econometrico
650 _aProdutividade
650 _aAgricultura
650 _aGoias
909 _a202309
_bLucia
_c55
_dLucia Elande
942 _cBK
999 _c63462
_d63462